Vers une nouvelle cosmologie (notice n° 1763889)
[ vue normale ]
| 000 -LEADER | |
|---|---|
| fixed length control field | 00705cam a2200157 4500500 |
| 005 - DATE AND TIME OF LATEST TRANSACTION | |
| control field | 20260322011316.0 |
| 041 ## - LANGUAGE CODE | |
| Language code of text/sound track or separate title | fre |
| 042 ## - AUTHENTICATION CODE | |
| Authentication code | dc |
| 100 10 - MAIN ENTRY--PERSONAL NAME | |
| Personal name | Lachièze-Rey, Marc |
| Relator term | author |
| 245 00 - TITLE STATEMENT | |
| Title | Vers une nouvelle cosmologie |
| 260 ## - PUBLICATION, DISTRIBUTION, ETC. | |
| Date of publication, distribution, etc. | 2005.<br/> |
| 500 ## - GENERAL NOTE | |
| General note | 1 |
| 520 ## - SUMMARY, ETC. | |
| Summary, etc. | RésuméNotre cosmologie succède à plusieurs millénaires de visions du monde. Antiquité et Moyen-Age, physique newtonienne, physique contemporaine : ces trois époques nous conduisent peut-être à la veille d’une nouvelle révolution scientifique. |
| 786 0# - DATA SOURCE ENTRY | |
| Note | Études | 402 | 2 | 2005-02-01 | p. 197-208 | 0014-1941 |
| 856 41 - ELECTRONIC LOCATION AND ACCESS | |
| Uniform Resource Identifier | <a href="https://shs.cairn.info/revue-etudes-2005-2-page-197?lang=fr&redirect-ssocas=7080">https://shs.cairn.info/revue-etudes-2005-2-page-197?lang=fr&redirect-ssocas=7080</a> |
Pas d'exemplaire disponible.




Réseaux sociaux